| 000 | 00812nam a2200253 n 4500 | ||
|---|---|---|---|
| 001 | C2-0174195 | ||
| 003 | PPAK | ||
| 005 | 20240508110848.0 | ||
| 008 | 980910s1967 my f | 1 may d | ||
| 020 | _qpaperback | ||
| 040 |
_aPPAK _beng _cPPAK _erda |
||
| 082 | 0 | 4 |
_223 _a899.2309 |
| 090 | 0 | 0 |
_a899.2309 _bLIC _dKAM |
| 090 | 2 | 0 |
_a899.2309 _bLIC _dKWS |
| 100 | 1 |
_aLi, Chuan Siu, _cDrs. _eauthor. |
|
| 245 | 1 | 0 |
_aIKHTISAR SEJARAH PERGERAKAN DAN KESUSASTERAAN MELAYU MODEN. _n1945 - 1965 / _coleh Drs. Li Chuan Siu |
| 264 | 1 |
_aKuala Lumpur : _bPenerbitan Pustaka Antara, _c1967 |
|
| 300 |
_a552 pages ; _c19 cm |
||
| 336 |
_2rdacontent _atext |
||
| 337 |
_2rdamedia _aunmediated |
||
| 338 |
_2rdacarrier _avolume |
||
| 650 | 1 | 0 |
_aMalay literature _vHistory and criticism |
| 942 |
_cB _2ddc |
||
| 999 |
_c155245 _d155245 |
||